[Event "Morava-ch"]
[Site "Orlova"]
[Date "2023.10.27"]
[Round "6"]
[White "Zrubek, Adam"]
[Black "Vojtech, Ladislav"]
[Result "1-0"]
[WhiteElo "1758"]
[BlackElo "1937"]
[PlyCount "149"]
[EventDate "2023.10.24"]
[EventType "swiss"]
[EventRounds "9"]
[EventCountry "CZE"]
[SourceTitle "Mega2024 Update 01"]
[Source "Chessbase"]
[SourceDate "2023.11.12"]
[SourceVersion "1"]
[SourceVersionDate "2023.11.12"]
[SourceQuality "1"]

1. e4 d5 2. exd5 Nf6 3. d4 Nxd5 4. c4 Nb4 5. a3 N4a6 6. Nf3 Bg4 7. Be2 c6 8. 0-0 e6 9. Bf4 Be7 10. Qd2 0-0 11. Nc3 Nd7 12. h3 Bh5 13. Rad1 Nc7 14. Ne5 Nxe5 15. Bxe5 Bg6 16. Bf3 Bf6 17. Qf4 Bxe5 18. Qxe5 Re8 19. Qf4 Qe7 20. Rfe1 Rad8 21. d5 cxd5 22. cxd5 e5 23. Qe3 b6 24. Rd2 Rd6 25. Bd1 a6 26. Bb3 Qd7 27. Qg3 f6 28. h4 e4 29. Bc2 f5 30. Bb3 Bf7 31. Red1 Rg6 32. Qe3 Qd6 33. Ne2 Rg4 34. g3 h6 35. Rc1 g5 36. Rc6 Qe5 37. d6 Nd5 38. Qd4 Qxd4 39. Rxd4 Nf6 40. d7 Bxb3 41. dxe8Q+ Nxe8 42. Rxb6 Bf7 43. Rxh6 gxh4 44. Rxh4 Rg6 45. Kg2 Nc7 46. Nf4 Rc6 47. Rd2 Nb5 48. Rh1 a5 49. Nd5 Kg7 50. Ne3 Kg6 51. Rh8 a4 52. Rhd8 Kg5 53. Rb8 Rc5 54. Ra8 Bb3 55. Ra6 f4 56. gxf4+ Kxf4 57. Rf6+ Kg5 58. Rf8 Kg6 59. Rdd8 Nc7 60. Rd6+ Ne6 61. Rg8+ Kf7 62. Rg4 Re5 63. Rd7+ Kf6 64. Nf1 Bd5 65. Rxd5 Rxd5 66. Rxe4 Nc5 67. Rc4 Nd3 68. Rxa4 Nxb2 69. Ra6+ Ke5 70. Ne3 Rd2 71. Rb6 Ke4 72. Rb4+ Kd3 73. a4 Kc3 74. Rxb2 Rxb2 75. Nd1+ 1-0

[Event "Fuerstenfeld U18 op 5th"]
[Site "Fuerstenfeld"]
[Date "2022.07.22"]
[Round "3"]
[White "Weigl, Jakob"]
[Black "Zrubek, Adam"]
[Result "1/2-1/2"]
[WhiteElo "1505"]
[BlackElo "1693"]
[PlyCount "114"]
[EventDate "2022.07.21"]
[EventType "swiss"]
[EventRounds "7"]
[EventCountry "AUT"]
[SourceTitle "CBM 209 Extra"]
[Source "ChessBase"]
[SourceDate "2022.09.30"]
[SourceVersion "1"]
[SourceVersionDate "2022.09.30"]
[SourceQuality "1"]

1. e4 c5 2. d4 cxd4 3. c3 Nc6 4. cxd4 d5 5. e5 Qb6 6. Nc3 Nxd4 7. Nxd5 Qa5+ 8. Nc3 Qxe5+ 9. Be3 Nc6 10. Nf3 Qa5 11. h3 e6 12. a3 Nf6 13. Bc4 Be7 14. 0-0 0-0 15. Qc2 Ne5 16. Nxe5 Qxe5 17. Rad1 Bd6 18. g3 Bb8 19. Bd4 Qg5 20. Bxf6 Qxf6 21. Rfe1 a6 22. Re4 b5 23. Bd3 Rd8 24. Rh4 g6 25. Be4 Rxd1+ 26. Nxd1 Bxg3 27. fxg3 Rb8 28. Bg2 Qe5 29. Qd3 Qe1+ 30. Qf1 Qxg3 31. Qf4 Qxf4 32. Rxf4 Bb7 33. Bxb7 Rxb7 34. Rd4 Rc7 35. Nc3 Rc6 36. Kf2 e5 37. Rd5 Re6 38. Ne4 f6 39. Ke3 Kf7 40. Nc5 Rc6 41. b4 h5 42. Rd7+ Ke8 43. Ra7 f5 44. h4 g5 45. hxg5 Rg6 46. Rxa6 Rxg5 47. Nd3 Rg3+ 48. Ke2 e4 49. Nf4 h4 50. Nh5 Rf3 51. a4 h3 52. axb5 h2 53. Ra1 Rb3 54. Ng7+ Kd7 55. Nxf5 Rxb4 56. Ke3 Rxb5 57. Kxe4 Rb2 1/2-1/2

[Event "Pardubice Czech op-C 32nd"]
[Site "Pardubice"]
[Date "2021.07.28"]
[Round "6"]
[White "Vorsilka, Jiri"]
[Black "Zrubek, Adam"]
[Result "1/2-1/2"]
[WhiteElo "1548"]
[BlackElo "1351"]
[PlyCount "86"]
[EventDate "2021.07.24"]
[EventType "swiss"]
[EventRounds "9"]
[EventCountry "CZE"]
[SourceTitle "EXT 2022"]
[Source "ChessBase"]
[SourceDate "2021.10.06"]
[SourceVersion "1"]
[SourceVersionDate "2021.10.06"]
[SourceQuality "1"]

1. d4 d5 2. Nc3 Bf5 3. Bf4 a6 4. f3 Nf6 5. g4 Bg6 6. h4 h6 7. e3 e6 8. Bd3 Bxd3 9. Qxd3 Bd6 10. Nge2 Nc6 11. a3 Qe7 12. Bxd6 Qxd6 13. 0-0-0 Na5 14. g5 Nd7 15. gxh6 Rxh6 16. Rdg1 0-0-0 17. Rxg7 Rdh8 18. Rxf7 Rxh4 19. Rxh4 Rxh4 20. Rh7 Qh2 21. Rxh4 Qxh4 22. f4 c6 23. Qd1 Nc4 24. Qg1 Nf6 25. b3 Nxa3 26. Kb2 Nb5 27. Qg5 Qh8 28. Qe5 Qf8 29. Qxe6+ Kb8 30. Nxb5 axb5 31. f5 b4 32. Nf4 Ne4 33. Qe5+ Ka7 34. Ne6 Qh6 35. Nc5 Qxe3 36. Nxe4 dxe4 37. Qc5+ Ka6 38. Qxb4 Qf2 39. Qc4+ Ka7 40. Qc5+ Ka6 41. b4 b6 42. Qc4+ Ka7 43. Qa2+ Kb7 1/2-1/2

[Event "Pardubice Czech op-C 32nd"]
[Site "Pardubice"]
[Date "2021.07.25"]
[Round "3"]
[White "Zrubek, Adam"]
[Black "Krupenko, Katja"]
[Result "0-1"]
[WhiteElo "1351"]
[BlackElo "1558"]
[PlyCount "146"]
[EventDate "2021.07.24"]
[EventType "swiss"]
[EventRounds "9"]
[EventCountry "CZE"]
[SourceTitle "EXT 2022"]
[Source "ChessBase"]
[SourceDate "2021.10.06"]
[SourceVersion "1"]
[SourceVersionDate "2021.10.06"]
[SourceQuality "1"]

1. e4 e5 2. Nf3 Nc6 3. Bb5 Nf6 4. 0-0 Nxe4 5. Re1 Nd6 6. Nxe5 Be7 7. Ba4 0-0 8. d4 Bf6 9. Nc3 Nf5 10. Nxc6 dxc6 11. Ne4 Qxd4 12. Nxf6+ Qxf6 13. c3 Be6 14. Bc2 Rad8 15. Qh5 Rd7 16. Qf3 Rfd8 17. Qe4 Qg6 18. Bf4 Re7 19. Bg3 Nxg3 20. Qxg6 hxg6 21. hxg3 Rd2 22. Bb3 Kf8 23. Rad1 Red7 24. Rxd2 Rxd2 25. Bxe6 fxe6 26. Rxe6 Rxb2 27. Rxg6 Rxa2 28. Rg4 a5 29. Rh4 Kg8 30. Rd4 a4 31. Rd7 a3 32. Rxc7 Rb2 33. Rc8+ Kh7 34. Ra8 a2 35. Kh2 Rxf2 36. g4 Rc2 37. Kh3 Rxc3+ 38. Kh4 Kg6 39. Rxa2 b5 40. Rd2 b4 41. Rd6+ Kh7 42. Kh5 Rc1 43. g5 Rh1+ 44. Kg4 b3 45. g6+ Kh6 46. Rd8 Kxg6 47. Rb8 Rb1 48. Rb6 Rc1 49. Rxb3 Rc4+ 50. Kf3 Kg5 51. g3 g6 52. Ra3 c5 53. Rd3 Rd4 54. Re3 Kf5 55. Re8 c4 56. Rf8+ Kg5 57. Rc8 Rd3+ 58. Kg2 c3 59. Kh3 Kf5 60. Rc6 Re3 61. Kh4 g5+ 62. Kh3 Ke4 63. Kg2 Kd3 64. Kf2 Re5 65. Kf3 Kd2 66. Rd6+ Kc1 67. Rb6 c2 68. Kg4 Rd5 69. Rc6 Kd1 70. Kh5 c1Q 71. Rxc1+ Kxc1 72. g4 Kd2 73. Kg6 Ke3 0-1

[Event "Pardubice Czech op-C 32nd"]
[Site "Pardubice"]
[Date "2021.07.25"]
[Round "2"]
[White "Zrubek, Adam"]
[Black "Vrzal, Tomas"]
[Result "1-0"]
[WhiteElo "1351"]
[BlackElo "1634"]
[PlyCount "117"]
[EventDate "2021.07.24"]
[EventType "swiss"]
[EventRounds "9"]
[EventCountry "CZE"]
[SourceTitle "EXT 2022"]
[Source "ChessBase"]
[SourceDate "2021.10.06"]
[SourceVersion "1"]
[SourceVersionDate "2021.10.06"]
[SourceQuality "1"]

1. e4 e5 2. Nf3 Nf6 3. Nxe5 d6 4. Nc4 Nxe4 5. Qe2 Qe7 6. Ne3 Be6 7. g3 c6 8. Bg2 Nf6 9. 0-0 Na6 10. Bxc6+ bxc6 11. Qxa6 Qc7 12. Nc3 Be7 13. b3 0-0 14. Bb2 Nd7 15. d4 d5 16. Ne2 Bd6 17. Qd3 Bh3 18. Rfe1 f5 19. f4 Rae8 20. c4 Qb7 21. c5 Bc7 22. Kh1 Nf6 23. Ng1 Bg4 24. Nxg4 Nxg4 25. Kg2 Re4 26. Nf3 Rfe8 27. Ne5 Nf6 28. Bc3 Bxe5 29. dxe5 Rxe1 30. Rxe1 Ne4 31. b4 h5 32. a4 h4 33. Rb1 h3+ 34. Kg1 Qd7 35. Bd4 Rb8 36. b5 Qc8 37. a5 cxb5 38. Rxb5 Ra8 39. Be3 Qc6 40. Rb2 Rc8 41. Qb5 Qg6 42. Bf2 Qg4 43. Qd3 Nxf2 44. Qxd5+ Kh8 45. Kxf2 g5 46. Qd7 Rg8 47. Rb7 Qh5 48. Qxf5 Qh6 49. Qf6+ Qxf6 50. exf6 gxf4 51. c6 Rc8 52. c7 Kh7 53. Rxa7 Kg6 54. Rb7 fxg3+ 55. Kxg3 Kxf6 56. a6 Ke7 57. a7 Kd7 58. Rb8 Kxc7 59. Rxc8+ 1-0

[Event "Bezmerov Bastinec Memorial-B"]
[Site "Bezmerov"]
[Date "2019.01.26"]
[Round "4"]
[White "Zrubek, Adam"]
[Black "Hobza, Vojtech"]
[Result "0-1"]
[WhiteElo "1164"]
[BlackElo "1288"]
[PlyCount "112"]
[EventDate "2019.01.25"]
[EventType "swiss"]
[EventRounds "6"]
[EventCountry "CZE"]
[SourceTitle "CBM 188 Extra"]
[Source "ChessBase"]
[SourceDate "2019.02.26"]
[SourceVersion "1"]
[SourceVersionDate "2019.02.26"]
[SourceQuality "1"]

1. e4 e6 2. d4 d5 3. e5 c5 4. c3 Nc6 5. Nf3 Qb6 6. Qb3 Qxb3 7. axb3 cxd4 8. cxd4 Nge7 9. Nc3 Nf5 10. Bb5 Bd7 11. Ne2 Bb4+ 12. Bd2 Bxd2+ 13. Kxd2 0-0 14. Bxc6 Bxc6 15. g4 Ne7 16. h4 f6 17. Ke3 fxe5 18. Nxe5 Ng6 19. Nxg6 hxg6 20. Nf4 e5 21. Nxg6 exd4+ 22. Kxd4 Rxf2 23. Ne7+ Kf7 24. Nxc6 bxc6 25. Rhf1 Rxf1 26. Rxf1+ Ke7 27. Kc5 Rf8 28. Rxf8 Kxf8 29. b4 a6 30. h5 Kf7 31. g5 Ke6 32. Kd4 Kf5 33. h6 gxh6 34. gxh6 Kg6 35. h7 Kxh7 36. Ke5 Kh6 37. Kf5 Kg7 38. Kg5 Kf7 39. Kf5 Ke7 40. Ke5 Kd7 41. Kd4 Kd6 42. Ke3 Ke5 43. Kd3 d4 44. Ke2 Ke4 45. Kd2 d3 46. Ke1 Kd4 47. Kd2 Kc4 48. b3+ Kxb3 49. Kxd3 Kxb4 50. Kc2 c5 51. Kb2 c4 52. Kc2 a5 53. Kb2 c3+ 54. Kc2 Kc4 55. Kc1 Kb3 56. Kb1 c2+ 0-1